000
00323nam a22001337a 4500
008
181024b xxu||||| |||| 00| 0 eng d
020
_a
978142391180
041
_a
eng
080
_a
070
100
_a
27
101
_a
med
245
_a
tHE Media Technology Digital Media In The Classroom
_c
Shelly.G
942
_2
udc
_c
BK
999
_c
50879
_d
50879